| 000 | 00380nam a2200133Ia 4500 | ||
|---|---|---|---|
| 005 | 20260328101517.0 | ||
| 008 | 260328s9999||||xx |||||||||||||| ||und|| | ||
| 100 | _aBrittain, Vera | ||
| 245 | 4 |
_aThe Pictorial History of St. Martin In-The-fields : _b The Royal Parish Church / _cVera Brittain |
|
| 260 | _bPitkin | ||
| 300 | _a24 p. | ||
| 650 | _aARQUITECTURA REGIONAL | ||
| 942 | _cBK | ||
| 999 |
_c9434 _d9434 |
||